Normal view
MARC view
- Drawing-room practice
Entry Topical Term
001 - CONTROL NUMBER
- control field: 41233
003 - CONTROL NUMBER IDENTIFIER
- control field: NUST
005 - DATE AND TIME OF LATEST TRANSACTION
- control field: 20210314132013.0
008 - FIXED-LENGTH DATA ELEMENTS
- fixed length control field: 210314|| aca||aabn | a|a d
040 ## - CATALOGING SOURCE
- Original cataloging agency: NUST
- Transcribing agency: NUST
150 ## - HEADING--TOPICAL TERM
- Topical term or geographic name entry element: Drawing-room practice
670 ## - SOURCE DATA FOUND
- Source citation: Work cat.: (NUST): Lombardo, Josef Vincent. 41232, Engineering drawing, [c1956]
